000 00807cab a2200253 4500
001 WB2908-49
008 090401t1993 xxu||||| |||| 00| 0 eng d
035 _a(Sirsi) u59319
041 _aeng
100 _aGoodchild, Robin
245 _aRevaluation of uniform business rates
260 _c1993
350 _a0
490 _aCSW - The Property Week
_v42(8) 25 February 1993, 60(1)
520 _aThe 1995 rating revaluation will be based on rental values as at 1 April 1993. Anticipates a further major redistribution of the national rates burden.
650 _aCOMMERCIAL PREMISES
650 _aFORECASTING
650 _aREGIONAL VARIATIONS
650 _aRATING REVALUATION 1995
650 _aUNIFORM BUSINESS RATES
690 _aRATING AND VALUATION
942 _n0
948 _c04/03/1997
999 _c36390
_d36390